[Event "Katowice Silesia 100th Ann op"]
[Site "Katowice"]
[Date "2024.04.28"]
[Round "10"]
[White "Kozak, Antoni"]
[Black "Sieciechowicz, Marcin"]
[Result "1/2-1/2"]
[WhiteElo "2434"]
[BlackElo "2403"]
[PlyCount "101"]
[EventDate "2024.04.27"]
[EventType "swiss (rapid)"]
[EventRounds "11"]
[EventCountry "POL"]
[SourceTitle "CB19_2024"]
[SourceDate "2024.05.08"]
[SourceVersion "1"]
[SourceVersionDate "2024.05.08"]
[SourceQuality "1"]

1. Nf3 d5 2. d3 Nf6 3. c4 c6 4. Qc2 Bf5 5. Nh4 Bg6 6. Nxg6 hxg6 7. g3 e6 8. Bg2 Nbd7 9. Nc3 Be7 10. 0-0 0-0 11. b3 Rc8 12. Bb2 Qc7 13. Kh1 Rfd8 14. Rae1 a6 15. e4 dxe4 16. dxe4 e5 17. Bh3 Rb8 18. f4 Bc5 19. Bc1 Bd4 20. Ne2 Nc5 21. Nxd4 exd4 22. e5 Nfe4 23. Bd2 d3 24. Qb2 f5 25. exf6 gxf6 26. b4 Qh7 27. Be6+ Kg7 28. bxc5 Rh8 29. h3 Nxg3+ 30. Kg2 Nxf1 31. Bd7 Rbe8 32. Rxe8 Rxe8 33. Bxe8 Nxd2 34. Qxd2 Kf8 35. Bxc6 bxc6 36. Qxd3 Qh5 37. Qd6+ Kf7 38. Kg3 Qe2 39. Qd7+ Kf8 40. Qxc6 Qe1+ 41. Kg2 Qe2+ 42. Kg3 Qe1+ 43. Kg4 Qg1+ 44. Kh4 Qf2+ 45. Kg4 Qg1+ 46. Kh4 Qf2+ 47. Kg4 Qg1+ 48. Kh4 Qf2+ 49. Kg4 Kg7 50. h4 Kh6 51. Kh3 1/2-1/2

[Event "Katowice Silesia 100th Ann op"]
[Site "Katowice"]
[Date "2024.04.28"]
[Round "9"]
[White "Sieciechowicz, Marcin"]
[Black "Kucharska, Honorata"]
[Result "1-0"]
[WhiteElo "2403"]
[BlackElo "2137"]
[PlyCount "119"]
[EventDate "2024.04.27"]
[EventType "swiss (rapid)"]
[EventRounds "11"]
[EventCountry "POL"]
[SourceTitle "CB19_2024"]
[SourceDate "2024.05.08"]
[SourceVersion "1"]
[SourceVersionDate "2024.05.08"]
[SourceQuality "1"]

1. d4 Nf6 2. Bf4 d5 3. e3 e6 4. Nf3 c5 5. c3 Nc6 6. Nbd2 cxd4 7. cxd4 Bd6 8. Bg3 0-0 9. Bd3 b6 10. Rc1 Nb4 11. Bb1 Ba6 12. Ne5 Bxe5 13. Bxe5 Nd3+ 14. Bxd3 Bxd3 15. Qb3 Rc8 16. Rc3 Rxc3 17. Qxc3 Bb5 18. f3 Qd7 19. Nb3 Rc8 20. Qd2 Ne8 21. Kf2 f6 22. Bg3 Ba6 23. Rc1 Qb5 24. Kg1 Rc4 25. h3 Qa4 26. Ra1 Qc6 27. Rc1 Qa4 28. Ra1 Qc6 29. Qd1 Qc8 30. Rc1 Bb5 31. Qd2 a5 32. Rxc4 Qxc4 33. Nc1 g6 34. b3 Qc8 35. Ne2 Ng7 36. Nc3 Ba6 37. e4 Nh5 38. Bf2 Qd7 39. Qe3 Ng7 40. Bh4 g5 41. Bf2 Kf7 42. h4 h6 43. Qd2 Bb7 44. e5 Nf5 45. g4 Nxh4 46. Bxh4 gxh4 47. exf6 Qc7 48. Ne2 Kg6 49. Kg2 Ba6 50. Nf4+ Kxf6 51. Kh3 Bf1+ 52. Kxh4 Kf7 53. Qe3 Qe7+ 54. Kg3 Bb5 55. Qe5 Bd7 56. Nh5 Kg6 57. f4 Qf7 58. Qd6 b5 59. f5+ Kh7 60. Qxd7 1-0

[Event "Katowice Silesia 100th Ann op"]
[Site "Katowice"]
[Date "2024.04.28"]
[Round "8"]
[White "Tomczak, Jacek"]
[Black "Sieciechowicz, Marcin"]
[Result "1-0"]
[WhiteElo "2584"]
[BlackElo "2403"]
[PlyCount "69"]
[EventDate "2024.04.27"]
[EventType "swiss (rapid)"]
[EventRounds "11"]
[EventCountry "POL"]
[SourceTitle "CB19_2024"]
[SourceDate "2024.05.08"]
[SourceVersion "1"]
[SourceVersionDate "2024.05.08"]
[SourceQuality "1"]

1. e4 c5 2. Nf3 d6 3. d4 cxd4 4. Nxd4 Nf6 5. Nc3 a6 6. Bg5 e6 7. f4 Be7 8. Qf3 Qc7 9. 0-0-0 Nbd7 10. g4 b5 11. Bxf6 Nxf6 12. g5 Nd7 13. f5 0-0 14. f6 gxf6 15. gxf6 Nxf6 16. e5 dxe5 17. Nc6 Bb7 18. Qg3+ Kh8 19. Nxe5 Bd6 20. Rxd6 Bxh1 21. Rd1 Rac8 22. Bd3 b4 23. Qg5 Ng8 24. Bxh7 f6 25. Qh4 Nh6 26. Bd3 Qg7 27. Ng6+ Kg8 28. Rg1 bxc3 29. Ne7+ Kh8 30. Rxg7 cxb2+ 31. Kb1 Kxg7 32. Nxc8 Rxc8 33. Qg3+ Kf8 34. Qd6+ Kg7 35. Qd7+ 1-0

[Event "Katowice Silesia 100th Ann op"]
[Site "Katowice"]
[Date "2024.04.27"]
[Round "4"]
[White "Paprocki, Jaroslaw"]
[Black "Sieciechowicz, Marcin"]
[Result "0-1"]
[WhiteElo "2145"]
[BlackElo "2403"]
[PlyCount "238"]
[EventDate "2024.04.27"]
[EventType "swiss (rapid)"]
[EventRounds "11"]
[EventCountry "POL"]
[SourceTitle "CB19_2024"]
[SourceDate "2024.05.08"]
[SourceVersion "1"]
[SourceVersionDate "2024.05.08"]
[SourceQuality "1"]

1. d4 d5 2. c4 c6 3. Nf3 Nf6 4. Nc3 e6 5. e3 Nbd7 6. Bd3 dxc4 7. Bxc4 b5 8. Bd3 Bb7 9. a3 a5 10. 0-0 b4 11. axb4 axb4 12. Rxa8 Qxa8 13. Na4 Be7 14. b3 0-0 15. Bb2 Nd5 16. Qc2 h6 17. Ra1 Qb8 18. Ne5 Nxe5 19. dxe5 c5 20. g3 Qc7 21. Rc1 Rc8 22. Be4 Nb6 23. Bxb7 Qxb7 24. Nxb6 Qxb6 25. Qe4 Rd8 26. Ra1 g6 27. Ra8 Kg7 28. Rxd8 Qxd8 29. Qc2 Qa8 30. Bc1 Qd5 31. e4 Qd4 32. Kg2 Bg5 33. Bb2 Qd7 34. h4 Be7 35. Qc4 Qc7 36. Qd3 Kg8 37. f4 Qa7 38. Bc1 Qa2+ 39. Kf3 Qh2 40. Be3 Kg7 41. Qd7 Bf8 42. Qd1 Kg8 43. Qd2 Qh1+ 44. Kf2 Qxe4 45. Qc1 Qd5 46. Qc2 Kg7 47. Bc1 Be7 48. Bb2 Qh1 49. Ke3 Qg1+ 50. Kf3 Qf1+ 51. Ke3 Kg8 52. Bc1 Qg1+ 53. Kf3 Qh1+ 54. Ke3 Qe1+ 55. Kf3 Kg7 56. Be3 Qh1+ 57. Ke2 Qg2+ 58. Bf2 Qd5 59. Qd3 Qc6 60. Qc4 Qa8 61. Kf1 Qa1+ 62. Kg2 Qb2 63. Kf3 Qb1 64. Ke2 Qb2+ 65. Kf3 Qd2 66. Be3 Qb2 67. Qd3 Qa1 68. Kg2 Qa8+ 69. Kf2 Qc6 70. Qc4 Kf8 71. Bd2 Qd7 72. Be3 Qd5 73. Qc2 Ke8 74. Qa2 Kf8 75. Qc2 Qh1 76. Qc4 Kg8 77. Qb5 Qb1 78. Qc4 Qb2+ 79. Kf3 Kg7 80. Qd3 Qh2 81. Bf2 Qh1+ 82. Ke2 Qd5 83. Qc2 g5 84. hxg5 hxg5 85. Be3 Qg2+ 86. Bf2 gxf4 87. gxf4 Bh4 88. Qxc5 Qe4+ 89. Kd1 Qd3+ 90. Ke1 Qb1+ 91. Ke2 Qb2+ 92. Kf1 Bxf2 93. Qxf2 Qxb3 94. Qg2+ Kh7 95. Qe4+ Kh6 96. Qh1+ Kg6 97. Qe4+ Kh5 98. Qh7+ Kg4 99. Qg8+ Kxf4 100. Qxf7+ Kxe5 101. Qg7+ Kd5 102. Qd7+ Kc5 103. Qe7+ Kd4 104. Qh4+ Kc3 105. Qg3+ Kb2 106. Qe5+ Kb1 107. Qe1+ Ka2 108. Qe2+ Kb1 109. Qe1+ Ka2 110. Qe2+ Ka3 111. Qa6+ Qa4 112. Qxe6 Qd1+ 113. Kf2 Qd2+ 114. Kg1 b3 115. Qa6+ Kb2 116. Qf6+ Kb1 117. Qg6+ Qc2 118. Qe8 b2 119. Qa8 Kc1 0-1

[Event "Titled Tuesday intern op 09th Jan Early"]
[Site "Chess.com INT"]
[Date "2024.01.09"]
[Round "8"]
[White "Avramidou, Anastasia"]
[Black "Sieciechowicz, Marcin"]
[Result "0-1"]
[WhiteElo "2287"]
[BlackElo "2397"]
[PlyCount "96"]
[EventDate "2024.01.09"]
[EventType "swiss (blitz)"]
[EventRounds "11"]
[EventCountry "USA"]
[SourceTitle "CB03_2024"]
[SourceDate "2024.01.17"]
[SourceVersion "1"]
[SourceVersionDate "2024.01.17"]
[SourceQuality "1"]

1. d4 Nf6 2. c4 g6 3. Nc3 Bg7 4. h4 d6 5. e4 Nbd7 6. Be2 e5 7. d5 Nc5 8. Qc2 a5 9. h5 0-0 10. hxg6 fxg6 11. Bg5 Bd7 12. Nf3 c6 13. dxc6 Bxc6 14. Nd2 Ne6 15. Be3 Nd4 16. Qd3 Nd7 17. Nf3 Nc5 18. Qb1 Qd7 19. Nd5 Bxd5 20. exd5 Nxe2 21. Kxe2 Qg4 22. Rh4 Qxg2 23. Qh1 Qxh1 24. Raxh1 h5 25. Rg1 e4 26. Nd4 Kh7 27. Nb5 Be5 28. Bxc5 dxc5 29. Rxe4 Rae8 30. b3 Bh2 31. Rxe8 Rxe8+ 32. Kf1 Bxg1 33. Kxg1 Kg7 34. Nd6 Re7 35. Nc8 Rd7 36. Nb6 Rd6 37. Nc8 Rd8 38. Nb6 Kf6 39. Na4 b6 40. Kg2 Rd6 41. Nc3 Ke5 42. Kf3 g5 43. Nb5 Rf6+ 44. Kg3 h4+ 45. Kg4 Rxf2 46. d6 Rg2+ 47. Kh3 Rd2 48. Kg4 Rxd6 0-1

[Event "Krakow op-A 34th"]
[Site "Krakow"]
[Date "2024.01.04"]
[Round "9"]
[White "Piekielny, Pawel"]
[Black "Sieciechowicz, Marcin"]
[Result "0-1"]
[WhiteElo "2250"]
[BlackElo "2391"]
[PlyCount "88"]
[EventDate "2023.12.27"]
[EventType "swiss"]
[EventRounds "9"]
[EventCountry "POL"]
[SourceTitle "CB02_2024"]
[SourceDate "2024.01.10"]
[SourceVersion "1"]
[SourceVersionDate "2024.01.10"]
[SourceQuality "1"]

1. e4 c5 2. Nf3 d6 3. c3 Nf6 4. Be2 g6 5. 0-0 Bg7 6. Bb5+ Nc6 7. d4 0-0 8. Re1 cxd4 9. cxd4 Bg4 10. Bxc6 bxc6 11. Nc3 Qb6 12. Na4 Qb5 13. b3 Nd7 14. Bb2 Nb6 15. Nxb6 axb6 16. a4 Qh5 17. h3 Be6 18. Rc1 c5 19. Bc3 Rad8 20. d5 Bc8 21. Bxg7 Kxg7 22. Nd2 Qxd1 23. Rcxd1 Ba6 24. e5 dxe5 25. Rxe5 Rd7 26. a5 bxa5 27. Ne4 Rc8 28. d6 exd6 29. Rxd6 Rxd6 30. Nxd6 Rd8 31. Ne8+ Kf8 32. Nf6 Rd6 33. Re8+ Kg7 34. Ne4 Rd1+ 35. Kh2 Re1 36. f3 Bf1 37. Ra8 Re2 38. Kg3 Rxg2+ 39. Kf4 Rb2 40. h4 Rxb3 41. Nxc5 Rb5 42. Ne4 Rf5+ 43. Ke3 Bc4 44. Nd6 Rxf3+ 0-1

[Event "Krakow op-A 34th"]
[Site "Krakow"]
[Date "2024.01.02"]
[Round "7"]
[White "Dziewonski, Dariusz"]
[Black "Sieciechowicz, Marcin"]
[Result "1-0"]
[WhiteElo "2224"]
[BlackElo "2391"]
[PlyCount "45"]
[EventDate "2023.12.27"]
[EventType "swiss"]
[EventRounds "9"]
[EventCountry "POL"]
[SourceTitle "CB02_2024"]
[SourceDate "2024.01.10"]
[SourceVersion "1"]
[SourceVersionDate "2024.01.10"]
[SourceQuality "1"]

1. e4 e6 2. d4 d5 3. Nc3 Bb4 4. e5 c5 5. Bd2 Ne7 6. Nb5 Bxd2+ 7. Qxd2 0-0 8. f4 Bd7 9. Nd6 cxd4 10. Nf3 f6 11. Bd3 Nbc6 12. 0-0 Qb6 13. Qf2 h6 14. Qg3 Nb4 15. Nh4 Nxd3 16. Qxd3 Qxb2 17. Rab1 Qc3 18. Rxb7 Rad8 19. Ng6 Nxg6 20. Qxg6 Qe3+ 21. Kh1 Qe2 22. Rfb1 Qf2 23. Ne8 1-0

[Event "Krakow op-A 34th"]
[Site "Krakow"]
[Date "2023.12.27"]
[Round "1"]
[White "Szczurek, Krzysztof"]
[Black "Sieciechowicz, Marcin"]
[Result "0-1"]
[WhiteElo "2175"]
[BlackElo "2391"]
[PlyCount "134"]
[EventDate "2023.12.27"]
[EventType "swiss"]
[EventRounds "9"]
[EventCountry "POL"]
[SourceTitle "CB02_2024"]
[SourceDate "2024.01.10"]
[SourceVersion "1"]
[SourceVersionDate "2024.01.10"]
[SourceQuality "1"]

1. d4 Nf6 2. Nf3 d5 3. c4 c6 4. cxd5 cxd5 5. Nc3 Nc6 6. Bf4 Bf5 7. e3 e6 8. Bd3 Bxd3 9. Qxd3 Be7 10. h3 0-0 11. 0-0 Rc8 12. Rfc1 a6 13. Nd2 Na5 14. Ne2 Qd7 15. Be5 b5 16. Bxf6 Bxf6 17. a4 Nc4 18. b3 Nd6 19. axb5 axb5 20. Rxc8 Rxc8 21. Rc1 Ra8 22. Qc3 Be7 23. Qd3 h6 24. Nf3 b4 25. Ne5 Qb7 26. Nf4 Bf8 27. Ne2 Qb5 28. Rc5 Ra1+ 29. Rc1 Ra8 30. Rc5 Qxd3 31. Nxd3 Ne4 32. Rc2 Ra1+ 33. Ndc1 Rb1 34. g3 Bd6 35. Kg2 g5 36. Rc6 Rb2 37. Ra6 Kg7 38. Ra2 Rb1 39. Rc2 h5 40. Rc6 Rb2 41. Ra6 g4 42. h4 Rd2 43. Ra2 Rd1 44. Rc2 Kf6 45. Na2 Rb1 46. Nec1 Ke7 47. Kf1 Kd7 48. Ke2 f6 49. Kd3 e5 50. Re2 Ra1 51. Kc2 Nc3 52. Nxc3 bxc3 53. Nd3 Ra2+ 54. Kd1 Ra1+ 55. Kc2 e4 56. Nc5+ Bxc5 57. dxc5 Ra2+ 58. Kd1 Ra5 59. b4 Ra1+ 60. Kc2 Ra2+ 61. Kd1 Ra3 62. b5 Rb3 63. Rc2 f5 64. Ke2 f4 65. gxf4 d4 66. c6+ Kc7 67. Kf1 d3 0-1

[Event "Figueira da Foz op 17th"]
[Site "Figueira da Foz"]
[Date "2023.11.10"]
[Round "7"]
[White "Sieciechowicz, Marcin"]
[Black "Chitlange, Sakshi"]
[Result "1/2-1/2"]
[WhiteElo "2407"]
[BlackElo "2224"]
[PlyCount "124"]
[EventDate "2023.11.05"]
[EventType "swiss"]
[EventRounds "9"]
[EventCountry "POR"]
[SourceTitle "CB46_2023"]
[SourceDate "2023.11.15"]
[SourceVersion "1"]
[SourceVersionDate "2023.11.15"]
[SourceQuality "1"]

1. d4 d5 2. c4 e6 3. Nc3 Nf6 4. cxd5 exd5 5. Bg5 c6 6. Qc2 h6 7. Bh4 Be7 8. e3 0-0 9. Bd3 Re8 10. h3 a5 11. Nf3 Nbd7 12. 0-0 Bd6 13. Rae1 Be7 14. Bg3 Nf8 15. Ne5 Bd7 16. Na4 Ne6 17. Bh4 Ra7 18. Rc1 Bc8 19. f4 Nf8 20. Qb3 N6d7 21. Bg3 Nxe5 22. fxe5 Ne6 23. Bb1 g6 24. Nb6 Ra6 25. Nxc8 Qxc8 26. Bd3 Ra8 27. Qc2 Rf8 28. h4 h5 29. Rf3 Kg7 30. Qf2 Qe8 31. Rf1 Rc8 32. Kh2 Rc7 33. a4 Rd7 34. Bb1 Bd8 35. Qc2 Rc7 36. Be1 b6 37. Qf2 Rd7 38. Bd3 Qe7 39. Qg3 Qe8 40. b3 Rc7 41. Qh3 Rh8 42. Kg1 Rd7 43. g4 hxg4 44. Qxg4 Rh6 45. Bf5 Kg8 46. Kg2 Rh5 47. Bd3 Rh6 48. Bf5 Rh5 49. Bg3 Rh6 50. R3f2 Rh5 51. Bxe6 Qxe6 52. Qxe6 fxe6 53. Rf8+ Kg7 54. Re8 Be7 55. Rf4 Rh8 56. Rxh8 Kxh8 57. Rf1 Kg7 58. Kf3 Rd8 59. Rc1 Rc8 60. Kg4 Kf7 61. Rf1+ Kg7 62. Rc1 Kf7 1/2-1/2

[Event "Figueira da Foz op 17th"]
[Site "Figueira da Foz"]
[Date "2023.11.07"]
[Round "3"]
[White "Sieciechowicz, Marcin"]
[Black "Lalith, Babu MR"]
[Result "0-1"]
[WhiteElo "2407"]
[BlackElo "2533"]
[PlyCount "70"]
[EventDate "2023.11.05"]
[EventType "swiss"]
[EventRounds "9"]
[EventCountry "POR"]
[SourceTitle "CB46_2023"]
[SourceDate "2023.11.15"]
[SourceVersion "1"]
[SourceVersionDate "2023.11.15"]
[SourceQuality "1"]

1. d4 Nf6 2. c4 e6 3. Nc3 Bb4 4. f3 Nc6 5. e4 d5 6. cxd5 exd5 7. e5 Ng8 8. f4 Nge7 9. Be3 Bf5 10. Nf3 Qd7 11. Rc1 0-0 12. Be2 Na5 13. Bf2 Ng6 14. g3 Nc4 15. Qb3 Ba5 16. 0-0 c6 17. Bxc4 dxc4 18. Qxc4 Bh3 19. d5 Bxf1 20. Rxf1 cxd5 21. Qxd5 Qxd5 22. Nxd5 Rfe8 23. Bc5 Bd8 24. Nd4 Ne7 25. Bxe7 Bxe7 26. Nc7 Bc5 27. Rd1 Bxd4+ 28. Rxd4 Red8 29. Nd5 Kf8 30. f5 Rac8 31. e6 fxe6 32. fxe6 Ke8 33. b4 Rc2 34. a4 a5 35. e7 Rd7 0-1

[Event "POL-chT 1st League"]
[Site "Leba"]
[Date "2023.09.29"]
[Round "7.5"]
[White "Pacan Milej, Kosma"]
[Black "Sieciechowicz, Marcin"]
[Result "1-0"]
[WhiteElo "2412"]
[BlackElo "2398"]
[PlyCount "83"]
[EventDate "2023.09.23"]
[EventType "team-swiss"]
[EventRounds "9"]
[EventCountry "POL"]
[SourceTitle "EXT 2024"]
[Source "ChessBase"]
[SourceDate "2023.10.10"]
[SourceVersion "1"]
[SourceVersionDate "2023.10.10"]
[SourceQuality "1"]
[WhiteTeam "Opole Rodlo"]
[BlackTeam "Gostynin Gostmat 83"]
[WhiteTeamCountry "POL"]
[BlackTeamCountry "POL"]

1. d4 d5 2. c4 c6 3. Nc3 Nf6 4. e3 e6 5. Nf3 Nbd7 6. Be2 b6 7. 0-0 Bb7 8. b3 Bd6 9. Bb2 0-0 10. a4 a6 11. Qc2 dxc4 12. bxc4 c5 13. d5 exd5 14. cxd5 Qc7 15. Rad1 Rad8 16. h3 Rfe8 17. Rfe1 Ne5 18. Nh4 c4 19. Nf5 Bb4 20. e4 Qc5 21. Bf1 Bc8 22. Nd4 Bd7 23. Re3 Rc8 24. Na2 a5 25. Nc3 h6 26. Ndb5 Rcd8 27. Bc1 Ng6 28. Re2 Rb8 29. Be3 Qe7 30. Bd4 Nh5 31. e5 Ngf4 32. Re3 Qg5 33. Kh2 Bxb5 34. axb5 Red8 35. d6 Ne6 36. Nd5 Nhf4 37. Rg3 Nxd4 38. Rxd4 Qxe5 39. Rxf4 Rxd6 40. Rf5 Qd4 41. Nxb4 axb4 42. Qxc4 1-0

[Event "Warsaw Szansa rapid op"]
[Site "Warsaw"]
[Date "2023.09.17"]
[Round "5"]
[White "Sieciechowicz, Marcin"]
[Black "Bartel, Michal"]
[Result "1-0"]
[WhiteElo "2398"]
[BlackElo "2252"]
[PlyCount "73"]
[EventDate "2023.09.17"]
[EventType "swiss (rapid)"]
[EventRounds "9"]
[EventCountry "POL"]
[SourceTitle "EXT 2024"]
[Source "ChessBase"]
[SourceDate "2023.10.10"]
[SourceVersion "1"]
[SourceVersionDate "2023.10.10"]
[SourceQuality "1"]

1. d4 Nf6 2. c4 c5 3. d5 e6 4. Nc3 exd5 5. cxd5 d6 6. e4 g6 7. f4 Bg7 8. Bb5+ Nfd7 9. a4 Qh4+ 10. g3 Qe7 11. Nf3 0-0 12. 0-0 Nf6 13. Re1 Bg4 14. Bf1 Nbd7 15. h3 Bxf3 16. Qxf3 Rfe8 17. Bd2 a6 18. Rad1 Qd8 19. Kh2 Qb6 20. Bc1 Qb4 21. Re3 c4 22. Rde1 Nh5 23. Kg2 Bd4 24. R3e2 Nc5 25. Be3 Bxe3 26. Qxe3 Nxa4 27. Nxa4 Qxa4 28. g4 Nf6 29. Qd4 Nd7 30. e5 dxe5 31. fxe5 Rad8 32. e6 fxe6 33. Rxe6 Nf8 34. Re7 Rxe7 35. Rxe7 Qc2+ 36. Kg1 Ne6 37. Qf6 1-0

[Event "Warsaw Szansa rapid op"]
[Site "Warsaw"]
[Date "2023.09.17"]
[Round "2"]
[White "Sieciechowicz, Marcin"]
[Black "Kroliczek, Gabriela"]
[Result "1-0"]
[WhiteElo "2398"]
[BlackElo "1956"]
[PlyCount "116"]
[EventDate "2023.09.17"]
[EventType "swiss (rapid)"]
[EventRounds "9"]
[EventCountry "POL"]
[SourceTitle "EXT 2024"]
[Source "ChessBase"]
[SourceDate "2023.10.10"]
[SourceVersion "1"]
[SourceVersionDate "2023.10.10"]
[SourceQuality "1"]

1. d4 Nf6 2. c4 g6 3. Nc3 d5 4. e3 Bg7 5. cxd5 Nxd5 6. Nxd5 Qxd5 7. Ne2 0-0 8. Nc3 Qd6 9. Be2 c5 10. Ne4 Qc6 11. Nxc5 Qxg2 12. Bf3 Qh3 13. Nxb7 Nd7 14. Na5 Ba6 15. Bg4 Qg2 16. Qf3 Qxf3 17. Bxf3 Rac8 18. Nc6 Rfe8 19. Bd2 Nb6 20. Nb4 Bb5 21. Be2 Bxe2 22. Kxe2 e5 23. dxe5 Bxe5 24. Nd3 Bf6 25. Rac1 Na4 26. b3 Nc3+ 27. Bxc3 Bxc3 28. Rc2 Ba5 29. Rhc1 Rcd8 30. b4 Bb6 31. a4 Rd5 32. Rc8 Rxc8 33. Rxc8+ Kg7 34. a5 Bd8 35. Ra8 Bc7 36. h3 Bxa5 37. e4 Rd8 38. Rxa7 Bb6 39. Rb7 Rd6 40. Ne5 Rf6 41. f3 Bd4 42. Nc4 h5 43. Rd7 Bg1 44. b5 h4 45. Rd6 Rxd6 46. Nxd6 Kf6 47. Nc4 Ke6 48. f4 f6 49. Kf3 Bh2 50. b6 Kd7 51. Kg4 Kc6 52. e5 fxe5 53. fxe5 Bg3 54. Kg5 Bf2 55. Kxg6 Kd5 56. Kf7 Kxc4 57. b7 Ba7 58. e6 Kd5 1-0

[Event "Warsaw Szansa rapid op"]
[Site "Warsaw"]
[Date "2023.09.17"]
[Round "9"]
[White "Sieciechowicz, Marcin"]
[Black "Padalka, Artem"]
[Result "1-0"]
[WhiteElo "2398"]
[BlackElo "2181"]
[PlyCount "83"]
[EventDate "2023.09.17"]
[EventType "swiss (rapid)"]
[EventRounds "9"]
[EventCountry "POL"]
[SourceTitle "EXT 2024"]
[Source "ChessBase"]
[SourceDate "2023.10.10"]
[SourceVersion "1"]
[SourceVersionDate "2023.10.10"]
[SourceQuality "1"]

1. d4 Nf6 2. c4 e6 3. Nc3 Bb4 4. Qc2 c5 5. dxc5 Na6 6. a3 Bxc3+ 7. Qxc3 Nxc5 8. f3 a5 9. e4 a4 10. Be3 Nb3 11. Rd1 0-0 12. e5 Ne8 13. Bd3 f6 14. Ne2 fxe5 15. Qxe5 Ra5 16. Qc3 Qh4+ 17. Ng3 d5 18. cxd5 exd5 19. Bc2 d4 20. Bxb3+ axb3 21. Qxa5 dxe3 22. 0-0 Qf6 23. Qd5+ Be6 24. Qd4 Qxd4 25. Rxd4 Nc7 26. Re1 Nd5 27. Nf1 Rc8 28. Nxe3 Nxe3 29. Rxe3 Rc6 30. Kf2 Kf7 31. Rb4 Rc2+ 32. Re2 Rc7 33. Kg3 Bd5 34. Re5 Be6 35. Reb5 Rc2 36. Rxb7+ Kf6 37. Rxb3 Bxb3 38. Rxb3 h5 39. h4 Rc4 40. Rb5 g6 41. b3 Rc3 42. a4 1-0

[Event "Warsaw Szansa blitz op"]
[Site "Warsaw"]
[Date "2023.09.16"]
[Round "2"]
[White "Sieciechowicz, Marcin"]
[Black "Goslawski, Michal"]
[Result "1-0"]
[WhiteElo "2398"]
[BlackElo "2096"]
[PlyCount "49"]
[EventDate "2023.09.16"]
[EventType "swiss (blitz)"]
[EventRounds "13"]
[EventCountry "POL"]
[SourceTitle "EXT 2024"]
[Source "ChessBase"]
[SourceDate "2023.10.10"]
[SourceVersion "1"]
[SourceVersionDate "2023.10.10"]
[SourceQuality "1"]

1. d4 d5 2. Nc3 c5 3. e4 dxe4 4. d5 Nf6 5. Bg5 Nbd7 6. Qd2 g6 7. 0-0-0 h6 8. Bf4 a6 9. f3 exf3 10. Nxf3 Bg7 11. Kb1 g5 12. Be3 b5 13. h4 g4 14. Nh2 Nb6 15. Bxc5 Bb7 16. d6 e6 17. Be2 g3 18. Nf3 Nbd5 19. Nxd5 Bxd5 20. d7+ Qxd7 21. Qf4 Ne4 22. Be3 Nf2 23. Qxg3 Nxd1 24. Qxg7 Ke7 25. Bc5+ 1-0

[Event "Opole AZS op 1st"]
[Site "Opole"]
[Date "2023.08.15"]
[Round "4"]
[White "Dwilewicz, Katarzyna"]
[Black "Sieciechowicz, Marcin"]
[Result "1/2-1/2"]
[WhiteElo "2062"]
[BlackElo "2318"]
[PlyCount "120"]
[EventDate "2023.08.15"]
[EventType "swiss (rapid)"]
[EventRounds "9"]
[EventCountry "POL"]
[SourceTitle "EXT 2024"]
[Source "ChessBase"]
[SourceDate "2023.10.10"]
[SourceVersion "1"]
[SourceVersionDate "2023.10.10"]
[SourceQuality "1"]

1. e4 e6 2. d4 d5 3. Nd2 c5 4. Ngf3 cxd4 5. Nxd4 Nf6 6. exd5 Nxd5 7. N2f3 Bb4+ 8. Bd2 Bxd2+ 9. Qxd2 0-0 10. Bd3 e5 11. Ne2 Nc6 12. 0-0-0 Ndb4 13. Bc4 Qxd2+ 14. Rxd2 Bg4 15. a3 Na6 16. Bd5 Rfe8 17. Ng5 Re7 18. f3 Bf5 19. Ng3 Bg6 20. h4 h5 21. Rhd1 Nd4 22. c3 Rc8 23. Ne2 Nxe2+ 24. Rxe2 Nc5 25. Ne4 Kf8 26. Re3 Nxe4 27. fxe4 f6 28. b4 Bf7 29. Kb2 Rec7 30. Red3 Bxd5 31. exd5 e4 32. d6 exd3 33. dxc7 Rxc7 34. Rxd3 Ke7 35. Kb3 Rd7 36. Re3+ Kd6 37. c4 g5 38. hxg5 fxg5 39. c5+ Kc7 40. Re5 Rd3+ 41. Kc4 Rg3 42. b5 Rxg2 43. Re7+ Kc8 44. Rh7 h4 45. c6 Rc2+ 46. Kd5 bxc6+ 47. bxc6 a5 48. Rh8+ Kc7 49. Rh7+ Kb6 50. Rb7+ Ka6 51. Rg7 h3 52. Rxg5 h2 53. Rh5 Kb6 54. Rh6 Rd2+ 55. Kc4 Rg2 56. Kd5 Rg5+ 57. Kc4 Rc5+ 58. Kb3 Rxc6 59. Rxh2 Rg6 60. Rh3 Ka6 1/2-1/2